Представление документа в формате RUSMARC

ПолеНазваниеЗначение
  Тип записи a
  Библиографический уровень m
001 Контрольный номер RU/УОНБ/EK/557837129
005 Дата корректировки 20260313124038.6
010 Индекс ISBN __
a ISBN 978-5-17-084663-4
d Цена 492 р.
9 Тираж 7000 экз.
b Уточнения в пер.
100 Данные общей обработки __
a Данные общей обработки 20170904d2014 u y0rusy0189||||ca
101 Язык документа 0_
a Язык текста rus
102 Страна публикации __
a Страна публикации RU
105 Кодированные данные (монография) __
a Кодированные данные (монография) a z 000ay
200 Заглавие и сведения об ответственности 1_
a Заглавие Самый страшный злодей и другие сюжеты
f Первые сведения об ответственности Б. Акунин
210 Выходные данные 1_
a Место издания Москва
c Издательство АСТ
d Дата издания 2014
215 Физическое описание __
a Объем 251 с.
c Иллюстрации/тип воспроизводства ил.
d Формат 24 см
225 Серия 2_
a Серия Любовь к истории
333 Примечание о целевом назначении __
a Примечание о целевом назначении 18+
606 Тематические рубрики 0_
a Основная рубрика Исторические романы и рассказы (х. л.)
610 Ключевые слова 0_
a Ключевые слова исторические романы русские
686 Индексы других классификаций __
a Классификационный индекс 84Р2-42
2 Код системы rubbk
700 Автор _1
a Фамилия Акунин
b Имя (инициалы) Б.
g Полное личное имя Борис
801 Источник записи _0
a Страна RU
b Организация Ульяновская ОНБ
c Дата составления 20170904
g Правила каталогизации RCR
801 Источник записи _1
a Страна RU
b Организация Ульяновская ОНБ
c Дата составления 20170904
g Правила каталогизации RCR
901 Тип документа __
t Тип документа m
909 Создатель записи __
a Создатель записи Пряхина
b Дата создания записи 20171130
938 Служебная информация __
a Имя БД books
b Имя библиотеки УОНБ
c Имя АИБС МАРК-SQL
d Номер DOC_ID в БД 334680
970 Признак ограниченного доступа __
a Фамилия Чхартишвили
b Имя (инициалы) Г. Ш.
g Полное личное имя Григорий Шалвович
e 12.01.2024
f Иностранный агент (физическое лицо)
f Внесен в перечень террористов и экстремистов
996 Контроль за деятельностью лиц, находящихся под иностранным влиянием __
b Текстовое указание НАСТОЯЩИЙ МАТЕРИАЛ (ИНФОРМАЦИЯ) ПРОИЗВЕДЁН, РАСПРОСТРАНЁН И (ИЛИ) НАПРАВЛЕН ИНОСТРАННЫМ АГЕНТОМ ЧХАРТИШВИЛИ ГРИГОРИЕМ ШАЛВОВИЧЕМ ЛИБО КАСАЕТСЯ ДЕЯТЕЛЬНОСТИ ИНОСТРАННОГО АГЕНТА ЧХАРТИШВИЛИ ГРИГОРИЯ ШАЛВОВИЧА